000 00869cam a2200229 4500
001 ABS65479
008 020521n2002 000 0 eng u
035 _a(Sirsi) u118077
245 _aBusiness and science parks
260 _c2002
490 _aProperty Week
_v67(17) 3 May 2002,50-64(9)
520 _aSpecial feature includes articles on: latest GVA Grimley research on UK business park vacancies; "Occupiers on top" describes the present favourable market for occupiers; articles on the Alba campus in Livingston, the London Science Park and the former Peugeot HQ in Neuilly-sur-Seine.
590 _aABS
650 _aBUSINESS PARKS
650 _aSCIENCE PARKS
650 _aGVA GRIMLEY
650 _aLIVINGSTON
650 _aENFIELD
650 _aNEUILLY-SUR-SEINE
690 _aPROPERTY-COMMERCIAL PROPERTY-COMMERCIAL PROPERTY MARKET
942 _n0
999 _c70316
_d70316